Postwar economic growth in Japan : selected papers of the first conference of the Tokyo Economic Research Center

Spremljeno u:
Bibliografski detalji
Glavni autor: Komiya, Ryutaro
Format: Knjiga
Jezik:Undetermined
Izdano: Berkeley University of California Press 1966
Teme:
Oznake: Dodaj oznaku
Bez oznaka, Budi prvi tko označuje ovaj zapis!
Thư viện lưu trữ: Trung tâm Học liệu Trường Đại học Cần Thơ
LEADER 00618nam a2200193Ia 4500
001 CTU_86322
008 210402s9999 xx 000 0 und d
082 |a 330.952 
082 |b K82 
100 |a Komiya, Ryutaro 
245 0 |a Postwar economic growth in Japan : 
245 0 |b selected papers of the first conference of the Tokyo Economic Research Center 
245 0 |c Ryutaro Komiya; translated by Robert S. Ozaki 
260 |a Berkeley 
260 |b University of California Press 
260 |c 1966 
650 |a Economic conditions 
904 |i Năm 
980 |a Trung tâm Học liệu Trường Đại học Cần Thơ